Shapeshifter - Lorde (All Lyrics) - Statistics

General Stats
  • This quiz has been taken 75 times
  • The average score is 315 of 393
Answer Stats
Lyrics % Correct
I
100%
in
100%
In
100%
Say
100%
the
100%
you
100%
"Do
97%
do
97%
my
97%
So
97%
When
97%
when
97%
Chewing
94%
Don't
94%
don't
94%
"Don't
94%
gum,
94%
have
94%
head
94%
it,
94%
that
94%
that?
94%
voice
94%
a
91%
a)
91%
But
91%
an
88%
been
88%
I've
88%
let
88%
says,
88%
says
88%
and
85%
And
85%
can
85%
I'm
85%
(I'm
85%
know
85%
No,
85%
not
85%
of
85%
stones?"
85%
that's
85%
throat
85%
up
85%
All
82%
all
82%
I'll
82%
on
82%
taste
82%
want
82%
with
82%
affected
79%
affected)
79%
anything
79%
just
79%
alone"
76%
Everyone
76%
Everything
76%
fall
76%
flame
76%
innocence
76%
like
76%
shape
76%
slept
76%
wanna
76%
we
76%
again
74%
it's
74%
leave
74%
nothing
74%
personal
74%
room
74%
sleep,
74%
sour
74%
why
74%
at
71%
close
71%
dream
71%
fruit
71%
get
71%
Give
71%
hands,
71%
mess
71%
out
71%
stain
71%
stop?
71%
teenage
71%
tonight
71%
Tonight
71%
tonight,
71%
become
68%
can't
68%
chain
68%
down
68%
'em
68%
enough
68%
ice,
68%
pedestal
68%
shift
68%
Visions
68%
Yeah,
68%
ball,
65%
climb
65%
leaves
65%
over
65%
pairs
65%
(Ah,
62%
ah,
62%
ah)
62%
(Ah
62%
Ah
62%
ah
62%
fine
62%
friend
62%
him
62%
If
62%
(Oh,
62%
reckless
62%
saint
62%
skirt
62%
were
62%
hot
59%
magic
59%
metal
59%
Mirror,
59%
mirror,
59%
prize,
59%
see
59%
speeding
59%
without
59%
her
56%
How'd
56%
kick
56%
pull
56%
pulse
56%
you'll
56%
antique
53%
braids
53%
dice,
53%
eight
53%
messaged
53%
(Shapeshifter)
53%
siren,
53%
shirt
50%
Swear
50%
his
38%
she's
35%
Everythign
3%
No matching quizzes found
Score Distribution
Percent of People with Each Score
Percentile by Number Answered
Your Score History
You have not taken this quiz